L'intitut national polytechnique de toulouse
Guardado en:
| Autor principal: | |
|---|---|
| Formato: | Libro |
| Lenguaje: | Undetermined |
| Publicado: |
Can Tho
Truong Dai hoc Can Tho
|
| Materias: | |
| Etiquetas: |
Agregar Etiqueta
Sin Etiquetas, Sea el primero en etiquetar este registro!
|
| Thư viện lưu trữ: | Trung tâm Học liệu Trường Đại học Cần Thơ |
|---|
| LEADER | 00517nam a2200169Ia 4500 | ||
|---|---|---|---|
| 001 | CTU_161712 | ||
| 008 | 210402s9999 xx 000 0 und d | ||
| 082 | |a 639.3749 | ||
| 082 | |b Ph561 | ||
| 100 | |a Nguyen, Thanh Phuong | ||
| 245 | 0 | |a L'intitut national polytechnique de toulouse | |
| 245 | 0 | |c Nguyen Thanh Phuong | |
| 260 | |a Can Tho | ||
| 260 | |b Truong Dai hoc Can Tho | ||
| 650 | |a Aquaculture,Nuôi trồng thủy sản | ||
| 904 | |i Trọng Hải | ||
| 980 | |a Trung tâm Học liệu Trường Đại học Cần Thơ | ||